| 000 | 00754nam a22002057a 4500 | ||
|---|---|---|---|
| 999 |
_c63 _d63 |
||
| 003 | AR-CdUCM | ||
| 008 | 190221b ||||| |||| 00| 0 spa d | ||
| 040 |
_aMUNICIPALIDAD PROVINCIAL DEL CUSCO _cBIBLIOTECA MUNICIPAL DEL CUSCO |
||
| 082 |
_a869.552 / _bR53 _26 ed. |
||
| 100 |
_aPalma, Ricardo _9304 |
||
| 245 | _aTradiciones peruanas / | ||
| 260 |
_aLima : _bEditorial Cultura Antartica S.A , _c1951. |
||
| 300 |
_a355 paginas ; _c23 cm. |
||
| 505 | _aContenido: Los incas ajedrecistas -- La Historia del Perú por el padre Urias --El ciego de la Merced -- Minucias Históricas -- Mi ultima tradición ... | ||
| 650 |
_aTradiciones Peruanas _9305 |
||
| 650 |
_aHistoria del Perú _9259 |
||
| 650 |
_aSan Martin _9306 |
||
| 942 |
_2ddc _cLIBROS |
||
| 945 | _arum | ||